| 000 | 00641nam a2200193 a 4500 | ||
|---|---|---|---|
| 005 | 20140412111303.0 | ||
| 008 | 010426s19uu xx 00 eng d | ||
| 020 | _a0-394-85639-2 | ||
| 050 |
_aTR(PS E _bBe35Me 1983 |
||
| 100 | _aBerenstain, Stan | ||
| 245 |
_aBerenstain Bears and the messy room (The) / _cStan & Jan Berenstain. |
||
| 260 |
_aNew York : _bRandom House, _c1983. |
||
| 300 | _a1v. (unp.) ; ill. | ||
| 440 | _aFirst Time Books | ||
| 520 | _aThe entire Bear family becomes involved in an attempt to clean and organize the cubs' messy room. | ||
| 650 | _aCleanliness-Fiction | ||
| 650 | _aBears-Fiction | ||
| 999 |
_c103500 _d103500 |
||